000 02965nam a2200241 a 4500
001 000045746
005 20201002052424.0
008 150511s2012 pr ac 000 0 spa d
020 _a9781617900761
040 _aDO-SdBNP
_bspa
_cBNPHU
082 _axxxx
_bxxxx
245 0 0 _aArturo Morales Carrión :
_bDimenciones del gran diplomático puertorriqueño /
_cHéctor Luis Acevedo, editor ; José Luis Colón González, Néstor R. Duprey Salgado, editores asociados.
260 _aSan Juan, Puerto Rico :
_bUniversidad Interamericana de Puerto Rico,
_c2012.
300 _a1060 p. :
_bil., retrs., facsimiles ;
_c26 cm.
490 1 _aRaíces de nuestra épica
500 _aIncluye índice onomástico
504 _aIncluye referencias bibliográficas y notas al pie de las páginas.
505 0 _aMensajes y saludos / Manuel J. Fernós, Marilina L. Wayland, Rafael Hernández Colón, Héctor Luis Acevedo -- "Don Arturo Morales Carrión y su viaje de historiador al gran diplomático puertorriqueño" / Héctor Luis Acevedo -- Conversaciones con Dr. Arturo Morales Carrión / Eladio Rivera Quiñones -- Entrevista a doña Inés Arandes, Vda. de Morales Carrión -- Conversations between Dr. Arturo Morales Carrión and his eldest son / Arturo Morales Arandes -- Otros hombres, otros tiempos / Edgardo Morales Arandes -- Carta al editor / Inés Morales Arandes -- Arturo Morales Carrión : the inquiring mind / José Trías Monge -- Entrevista a don Ricardo Alegría -- Reminiscencias : experiencias compartidas con Arturo Morales Carrión / Ismael Rodríguez Bou -- Homenaje póstumo a Arturo Morales Carrión / Salvador Tío Montes de Oca -- Arturo Morales Carrión, pasión y devoción por la historia y por Puerto Rico : la historia fue su pasión, Puerto Rico su devoción / Elsa Tío Fernández -- A don Arturo Morales Carrión / Carmelo Rosario Natal -- Palabras que aún vibran / Severo Colberg Ramírez -- Arturo Morales Carrión : una vida al servicio de la historia / Luis E. González Vales -- Arturo Morales Carrión : brillante investigador, historiógrafo, educador y hombre de estado / Aurelio Tío -- Mare Calusum, Mare Musicum : las múscias afrodiaspóricas y Puerto Rico and the Non-Hispanic Caribbean / Noel Allende-Goitía -- La presidencia de Arturo Morales Carrión : 1973-1977 / Luis E. González Vales -- De tagarninas y habanos : la historia de mi profesor / Anabelle Rodríguez Rodríguez -- Arturo Morales Carrión, precursor del tercer sector puertorriqueño : la Fundació Puertorriqueña de las Humanidades y el desarrollo de la sociedad civil en Puerto Rico / Rafael a. Torrech San Inocencio -- Apéndice: El historiador y académico -- Visión de Puerto Rico en la obra de Arturo Morales Carrión / Luis E. Agrait Betancourt.
700 1 2 _aAcevedo, Héctor Luis,
_973808
700 1 2 _aDuprey Salgado, Néstor R.,
_eed.
_973809
700 1 2 _aColón González, José Luis,
_eed.
_973810
830 0 _aRaíces de nuestra épica
_973811
999 _c45235
_d45235